Statistics for Famous Video Games - Using Quotes

Click here to take the quiz!

General Stats

  • This quiz has been taken 294 times
  • The average score is 4 of 10

Answer Stats

HintAnswer% Correct
The princess is in another castle.Super Mario Bros.
93%
I used to be an adventurer like you, until I took an arrow to the knee.Skyrim
80%
Gordan Freeman in the flesh - or rather, in a hazard suit.half life: episode 2
67%
Its dangerous to go alone, take this.Zelda
65%
Wake me when you need me.Halo 3
58%
Would you kindly?Bioshock
53%
You can run away, but you'll just die tired.Call of Duty 4
14%
Conglaturations!! You have completed a great game!Ghostbusters NES
7%
(shoots at dead grunt) Anyone in there!?!Halo ODST
2%
The war with the humans will require a great many more machines than we can muster.Halo Wars
2%

Score Distribution

Percentile by Number Answered

Percent of People with Each Score

Your Score History

You have not taken this quiz